[Event "CZE-chT2E 1920"]
[Site "Czech Republic"]
[Date "2019.12.01"]
[Round "4.7"]
[White "Naplava, Petr"]
[Black "Hajek, Oskar"]
[Result "0-1"]
[WhiteElo "1858"]
[BlackElo "2166"]
[PlyCount "58"]
[EventDate "2019.10.13"]
[EventType "team-tourn"]
[EventRounds "11"]
[EventCountry "CZE"]
[SourceTitle "EXT 2024"]
[Source "ChessBase"]
[SourceDate "2023.10.10"]
[SourceVersion "1"]
[SourceVersionDate "2023.10.10"]
[SourceQuality "1"]
[WhiteTeam "Borsice"]
[BlackTeam "Prusanky Podluzan"]
[WhiteTeamCountry "CZE"]
[BlackTeamCountry "CZE"]

1. e4 d6 2. d4 Nf6 3. Nc3 e5 4. d5 Be7 5. h3 Nbd7 6. Nf3 Nc5 7. Bd3 c6 8. Qe2 0-0 9. 0-0 cxd5 10. Nxd5 Nxd5 11. exd5 Nxd3 12. Qxd3 f5 13. Qb3 Kh8 14. Bd2 f4 15. Rfe1 Qe8 16. Bb4 a5 17. Ba3 Rf5 18. Qb6 Ra6 19. Qc7 Bf8 20. Re4 b5 21. c3 Rf7 22. Qb8 Rb7 23. Qxb7 Bxb7 24. Rd1 Ra8 25. b3 Qg6 26. Re2 Re8 27. Kf1 e4 28. Ng1 b4 29. cxb4 Ba6 0-1

[Event "CZE-chT2E 1011"]
[Site "Czech Republic"]
[Date "2011.01.23"]
[Round "6.8"]
[White "Stefanko, Igor"]
[Black "Naplava, Petr"]
[Result "1/2-1/2"]
[WhiteElo "1874"]
[BlackElo "1886"]
[PlyCount "138"]
[EventDate "2010.10.17"]
[EventType "team-tourn"]
[EventRounds "11"]
[EventCountry "CZE"]
[SourceTitle "EXT 2012"]
[Source "ChessBase"]
[SourceDate "2011.11.24"]
[SourceVersion "1"]
[SourceVersionDate "2011.11.24"]
[SourceQuality "1"]
[WhiteTeam "Stare Mesto II"]
[BlackTeam "Borsice"]
[WhiteTeamCountry "CZE"]
[BlackTeamCountry "CZE"]

1. e4 e5 2. Nc3 Nc6 3. Bc4 Nf6 4. d3 Be7 5. f4 d6 6. Nf3 Bg4 7. h3 Bxf3 8. Qxf3 0-0 9. 0-0 Na5 10. Bb3 Nxb3 11. axb3 c6 12. Be3 Qc7 13. fxe5 dxe5 14. Qf2 b6 15. Kh1 c5 16. Bg5 Qd7 17. Qh4 Rac8 18. Bxf6 Bxf6 19. Rxf6 gxf6 20. Nd5 Rc6 21. Nxf6+ Rxf6 22. Qxf6 Re8 23. Qg5+ Kh8 24. Qf6+ Kg8 25. Qg5+ Kh8 26. Rf1 Re6 27. Qh5 Kg8 28. Rf5 Qe8 29. g4 Kg7 30. g5 Qe7 31. h4 h6 32. Kh2 Rg6 33. gxh6+ Rxh6 34. Qg5+ Qxg5 35. Rxg5+ Kf6 36. Kg3 Ke6 37. Kg4 Rh7 38. h5 Rh6 39. Rg8 Kf6 40. Rc8 Kg7 41. Rc7 a5 42. Kg5 Re6 43. Rb7 Rf6 44. h6+ Rxh6 45. Rxf7+ Kxf7 46. Kxh6 b5 47. Kg5 Ke6 48. Kg6 c4 49. bxc4 bxc4 50. dxc4 a4 51. c3 Kd6 52. Kf5 Kc5 53. Kxe5 Kxc4 54. Kd6 Kb3 55. e5 Kxb2 56. e6 a3 57. e7 a2 58. e8Q a1Q 59. Qb5+ Kc2 60. c4 Qf6+ 61. Kc7 Qe7+ 62. Kb6 Qd8+ 63. Kb7 Qe7+ 64. Ka6 Qa3+ 65. Kb6 Qd6+ 66. Ka5 Qc7+ 67. Kb4 Qe7+ 68. c5 Qe1+ 69. Ka4 Qa1+ 1/2-1/2

[Event "CZE-chT2E 1011"]
[Site "Czech Republic"]
[Date "2010.11.07"]
[Round "2.8"]
[White "Naplava, Petr"]
[Black "Dobes, Oldrich"]
[Result "1/2-1/2"]
[WhiteElo "1886"]
[BlackElo "2049"]
[PlyCount "34"]
[EventDate "2010.10.17"]
[EventType "team-tourn"]
[EventRounds "11"]
[EventCountry "CZE"]
[SourceTitle "EXT 2012"]
[Source "ChessBase"]
[SourceDate "2011.11.24"]
[SourceVersion "1"]
[SourceVersionDate "2011.11.24"]
[SourceQuality "1"]
[WhiteTeam "Borsice"]
[BlackTeam "Znojmo"]
[WhiteTeamCountry "CZE"]
[BlackTeamCountry "CZE"]

1. e4 c5 2. c3 d5 3. exd5 Qxd5 4. d4 Nf6 5. Nf3 Bg4 6. Be2 e6 7. 0-0 Be7 8. Be3 cxd4 9. cxd4 0-0 10. Nc3 Qa5 11. h3 Bh5 12. Rc1 Nc6 13. Qb3 Qb4 14. Bc4 Qxb3 15. Bxb3 Rfd8 16. Rfd1 Na5 17. Bc2 Rac8 1/2-1/2

[Event "Stare Mesto op"]
[Site "Stare Mesto"]
[Date "2010.08.13"]
[Round "1"]
[White "Bazant, Petr Jr"]
[Black "Naplava, Petr"]
[Result "1-0"]
[WhiteElo "2403"]
[BlackElo "1873"]
[PlyCount "55"]
[EventDate "2010.08.13"]
[EventType "swiss"]
[EventRounds "10"]
[EventCountry "CZE"]
[SourceTitle "CBM 138 Extra"]
[Source "ChessBase"]
[SourceDate "2010.10.29"]
[SourceVersion "1"]
[SourceVersionDate "2010.10.29"]
[SourceQuality "1"]

1. c4 e6 2. Nf3 Nf6 3. g3 Be7 4. Bg2 0-0 5. 0-0 c5 6. Nc3 Nc6 7. d4 d5 8. cxd5 cxd4 9. dxc6 dxc3 10. Qc2 Nd5 11. e4 Nb4 12. Qxc3 Nxc6 13. e5 Nb4 14. Bg5 Nd5 15. Bxe7 Qxe7 16. Qb3 b6 17. Rad1 Bb7 18. Rd4 Rac8 19. Re1 Rc5 20. Nd2 Rfc8 21. Nc4 Ba6 22. Nd6 Rc1 23. Rdd1 Rxd1 24. Qxd1 Rc5 25. a3 Qc7 26. Qa4 Bb5 27. Nxb5 Qd7 28. Qxa7 1-0

[Event "Stare Mesto op"]
[Site "Stare Mesto"]
[Date "2008.08.15"]
[Round "9"]
[White "Straka, Jozef1111"]
[Black "Naplava, Petr"]
[Result "1-0"]
[WhiteElo "2122"]
[BlackElo "1808"]
[PlyCount "51"]
[EventDate "2008.08.08"]
[EventType "swiss"]
[EventRounds "10"]
[EventCountry "CZE"]
[SourceTitle "CBM 125 Extra"]
[Source "ChessBase"]
[SourceDate "2008.09.01"]
[SourceVersion "1"]
[SourceVersionDate "2008.09.01"]
[SourceQuality "1"]

1. d4 d5 2. c4 e6 3. Nc3 Nf6 4. Bg5 Be7 5. cxd5 exd5 6. e3 Nbd7 7. Bd3 c6 8. Nge2 Nf8 9. 0-0 Ne6 10. Bh4 g5 11. Bg3 Ng4 12. Qd2 h5 13. f3 Nh6 14. Qc2 h4 15. Be1 Bd6 16. Bd2 Qc7 17. h3 Ng7 18. Rac1 Bh2+ 19. Kh1 Be6 20. e4 Bg3 21. Nxd5 Qc8 22. Nf6+ Kd8 23. Bxg5 Ne8 24. Nxg3 hxg3 25. Qc5 Qc7 26. Nd5+ 1-0